| 000 | 00584aam a2200205 4500 | ||
|---|---|---|---|
| 005 | 20170228132837.0 | ||
| 008 | 150611b xxu||||| |||| 00| 0 spa d | ||
| 041 | _aEspañol | ||
| 082 | _a398.2 R173b | ||
| 100 |
_aRamírez Huertas, Marino _924458 |
||
| 245 | _aBombas, cuartetas, refranes y frases célebres | ||
| 260 |
_aCosta Rica _c2012 _bIndustrias Marino |
||
| 300 | _a156 páginas | ||
| 650 |
_a FOLCLOR COSTARRICENSE _97437 |
||
| 650 |
_aBOMBAS | _917536 |
||
| 650 |
_a CUARTETAS _940810 |
||
| 650 |
_a REFRANES _920357 |
||
| 650 |
_a FRASES CELEBRES _97950 |
||
| 942 | _cBK | ||
| 999 |
_c8919 _d8919 |
||